00666cas a22001934i 4500001001000000003001000010005001700020008004100037022001400078040004100092041000800133100003000141242006900171245006200240300004300302546001900345650003300364773007500397768714001CO-MdFUSB20180525102936.0180525s1998 xxu||||| |||| 00| 0 eng d a1023-7380 aCO-MdFUSBbspacCO-MdFUSBdCO-MdFUSB aeng1 aFjeldstad, Arne H.eautor10aEncargado para el internet :bSe busca evangelistas por internet10aCommissioned to the internetbwanted internet evangelists aNúmero 82 (1998) página 8c: 30 cm aTexto inglés 0aComunicación interpersonal0 tWorld Evangelization049484gNúmero 82 (1998) página 8qPágina 8